Mass campaigns and general health services (Record no. 413227)

000 -LEADER
fixed length control field 00489cam a22001457a 4500
008 - FIXED-LENGTH DATA ELEMENTS--GENERAL INFORMATION
fixed length control field 180718b1965 xxu||||| |||| 00| 0 eng d
082 ## - DEWEY DECIMAL CLASSIFICATION NUMBER
Classification number O32 G589
100 ## - MAIN ENTRY--PERSONAL NAME
Personal name Gonzalez, C.L.
245 ## - TITLE STATEMENT
Title Mass campaigns and general health services
Statement of responsibility, etc. by C.L. Gonzalez
260 ## - PUBLICATION, DISTRIBUTION, ETC.
Place of publication, distribution, etc. Geneva
Name of publisher, distributor, etc. World Health Organization
Date of publication, distribution, etc. 1965
300 ## - PHYSICAL DESCRIPTION
Extent 87p
650 ## - SUBJECT ADDED ENTRY--TOPICAL TERM
Topical term or geographic name entry element Preventive health services.
650 ## - SUBJECT ADDED ENTRY--TOPICAL TERM
Topical term or geographic name entry element Communicable diseases --Developing countries --Prevention
650 ## - SUBJECT ADDED ENTRY--TOPICAL TERM
Topical term or geographic name entry element Public health --Developing countries
Holdings
Withdrawn status Lost status Damaged status Not for loan Permanent Location Current Location Date acquired Full call number Barcode Date last seen Price effective from Koha item type
        Indian Institute of Public Administration Indian Institute of Public Administration 2009-02-11 O32 G589 U106 2018-07-21 2018-07-21 U

Powered by Koha